Bezpečnost práce a ochrana zdraví při svařování seminář, Plzeň, červen 1980 : sborník přednášek

Bibliographic Details
Corporate Author: Bezpečnost práce a ochrana zdraví při svařování Plzeň, Česko (Author)
Format: Conference Proceeding Book
Language:Czech
PhysicalDescription:67 strán, [7] strán textových príloh 21 cm
Published: Plzeň [nákl. vl.] 1980
Subjects:

MARC

LEADER 00000cam a2200000 a 4500
001 vtls001289114
003 SK-MaSNL
005 20260301064909.0
008 250313s1980 xr fr 10000 cze
015 |a SNBA1980 
020 |q (brožované) 
035 |a SNK000240729 
035 |a urn:nbn:sk:snk-am3j4gf 
035 |a B11F07F6-44D4-428F-B747-B42F2CC707A5 
035 |a urn:nbn:sk:snk-am00gjn1 
040 |a SNK  |b slo  |c SNK  |e AACR2 
041 0 |a cze 
043 |a e-xr--- 
044 |a xr  |c CZ 
072 7 |a 331  |x Práca  |2 konspekt 
072 7 |a 613  |x Hygiena. Ľudské zdravie  |2 konspekt 
072 7 |a 621  |x Strojárstvo  |2 konspekt 
080 |a 331.823:621.791(082)  |2 1981 
080 |a 331.45  |2 2011 
080 |a 613.6  |2 2011 
080 |a 613  |2 2011 
080 |a 621.791  |2 2011 
080 |a (042.3)  |2 2011 
080 |a (062.534)  |2 2011 
111 2 |a Bezpečnost práce a ochrana zdraví při svařování  |d (1980 :  |c Plzeň, Česko)  |4 aut  |9 382853 
245 1 0 |a Bezpečnost práce a ochrana zdraví při svařování  |b seminář, Plzeň, červen 1980 : sborník přednášek  |c Krajská rada ČSVTS v Západočeském kraji, Plzeň 
260 |a Plzeň  |b [nákl. vl.]  |c 1980 
300 |a 67 strán, [7] strán textových príloh  |c 21 cm 
366 |e 200 kusov 
500 |a Čiastočne text slovensky 
500 |a Spoluorganizoval KV Komitétu pro svařování ČSVTS v Západočeském kraji, Plzeň 
648 7 |a 1980  |2 SNKPH  |9 279231 
650 0 7 |a bezpečnosť práce  |2 SNKPH  |9 1296 
650 0 7 |a zváranie  |2 SNKPH  |9 1839 
650 0 7 |a ochrana zdravia  |2 SNKPH  |9 1135 
650 0 7 |a hygiena práce  |2 SNKPH  |9 1298 
655 7 |a prednášky  |2 SNKPH  |9 70554 
655 7 |a zborníky konferencií  |2 SNKPH  |9 70153 
710 2 |a ČSVTS.  |b Krajská rada v Západočeském kraji.  |b Seminář (Plzeň, Česko)  |4 orm  |9 382854 
852 |a Slovenská národná knižnica 
958 |a OND 
958 |a ART 
958 |a CZ 
999 |c 628650  |d 630580 
952 |t P60, <04>, [BOOK], {604}  |a SNK  |b SNK  |y VYP  |7 0  |p 17A1140054  |o snkSB 30277 D1  |i snkKIP 8350/80  |0 0  |1 0  |4 0  |d 1997-06-02  |l 0  |r 2005-01-02 00:00:00  |w 2026-02-23 
952 |a SNK  |b SNK  |y PREZ  |7 0  |p 17A0998350  |o snkSB 30277  |i snkKIP 8349/80  |0 0  |1 0  |4 0  |d 2012-07-30  |f 1  |l 0  |r 2025-04-03 00:00:00  |w 2026-02-23